[Event "Sao Luis CBX"]
[Site "Sao Luis"]
[Date "2012.10.15"]
[Round "2"]
[White "Araujo E Araujo, Joao Victor"]
[Black "Lobato, Luis Davi Paiva"]
[Result "0-1"]
[WhiteElo "1778"]
[BlackElo "1800"]
[PlyCount "81"]
[EventDate "2012.10.12"]
[EventType "swiss"]
[EventRounds "5"]
[EventCountry "BRA"]
[SourceTitle "EXT 2022"]
[Source "ChessBase"]
[SourceDate "2021.10.06"]
[SourceVersion "1"]
[SourceVersionDate "2021.10.06"]
[SourceQuality "1"]

1. e4 c5 2. Nf3 d6 3. d4 cxd4 4. Nxd4 Nf6 5. Nc3 a6 6. Be3 e5 7. Nb3 Be7 8. Qd2 Be6 9. Nd5 Nxd5 10. exd5 Bf5 11. f3 e4 12. g4 Bg6 13. f4 Bh4+ 14. Bf2 0-0 15. f5 Re8 16. 0-0-0 e3 17. Bxe3 Rxe3 18. Kb1 Bg5 19. Qf2 Bxf5 20. gxf5 Qb6 21. Re1 Rxe1+ 22. Qxe1 Nd7 23. Bh3 Bf6 24. Bg4 Nc5 25. Qa5 Qxa5 26. Nxa5 Rb8 27. h4 b5 28. h5 h6 29. Re1 Nd7 30. Nc6 Rf8 31. Nb4 Nb8 32. Re3 Rc8 33. Ra3 Rc5 34. Nxa6 Nxa6 35. Rxa6 Rxd5 36. a3 Kf8 37. Bf3 Rxf5 38. Be2 Bd8 39. Rxd6 Be7 40. Ra6 Re5 41. Bd3 0-1